000 00591cam a22001933a 4500
001 38539
003 PGUSA
005 20140828083841.0
008 120110s2012||||xxu|||||s|||||000 | eng d
040 _aPGUSA
_beng
042 _adc
245 1 0 _aEncyclopaedia Britannica, 11th Edition, Volume 12, Slice 1 :
_b"Gichtel, Johann" to "Glory"
_h[electronic resource] /
_cVarious
260 _bProject Gutenberg,
_c2012
506 _aPublic domain in the USA.
516 _aElectronic text
830 0 _aProject Gutenberg
_v38539
856 4 0 _uhttp://www.gutenberg.org/ebooks/38539
942 _cEB
999 _c267793
_d267793